000 00542nam a2200181 i 4500
001 71886
003 ES-MaACL
005 20230906171247.0
007 t|
008 040819s1919 fr ||||1| spa d
100 1 _aGide, Charles.
_956675
245 1 0 _aCurso de Economía Política /
_cpor Charles Gide ; traducción de Carlos Docteur.
250 _a3ª ed. corr. y aum.
260 _aParís :
_b[s.n.,
_c1919] (
_fVda. de Ch. Bouret)
300 _aVII, 891 p. ;
_c22 cm.
700 1 _aDocteur, Carlos.
_944960
852 _aES-MaACL
_jF-4026
999 _c71886
_d71886